000 00921nam a2200253Ia 4500
003 OSt
005 20220923225129.0
006 a|||||r|||| 00| 0
007 ta
008 220922b |||||||| |||| 00| 0 hin d
024 _a258,077
037 _cTextual
040 _aARTS
_cARTS
_bhin
041 _2hin
_ahin
082 _aX:8M, 152L6
100 _aघोष, प्रशान्त कुमार; अग्रवाल, ओम प्रकाश
_9168397
245 0 _aसचिवीय पद्धति
246 _aSachivīya paddhati
260 _aदिल्ली
_b सुलतान चन्द एण्ड सन्स
_c1976
300 _a368पृ.
_ccm.
650 _aअर्थशास्त्र
942 _hX:8M, 152L6
_cTEXL
_2CC
999 _c376287
_d376287